Fruit By The Foot Flavors - Statistics

General Stats
  • This quiz has been taken 5 times
  • The average score is 4 of 6
Answer Stats
Flavor % Correct
Cherry
100%
Strawberry
100%
Lemon
75%
Orange
75%
Berry
25%
Blue Raspberry
25%
No matching quizzes found
Score Distribution
Percent of People with Each Score
Percentile by Number Answered
Your Score History
You have not taken this quiz